000 00408nam a2200157Ia 4500
008 221030s9999 xx 000 0 und d
020 _a8185749256
041 _aEnglish
082 _a105.23
_bPra
100 _aP. Prasad
245 0 _aCommunication Skills For Engineers & Professionals
_cby P. Prasad
260 _bS.K. Kataria & Sons
_aNew Delhi
_c2002
300 _a417
650 _aEnglish
942 _cBK
999 _c3252
_d3252